00462nam a2200145 a 450000500170000000800410001702000180005805000280007610000200010424500890012426000610021330000060027444000240028065000120030420140412111304.0010131s19uu xx 00 eng d a0-15-418381-5 aTR(GS 428.6bBe388 1989 aBeck, Isabel L. aRainbows: reading today and tomorrow, level K. /cIsabel L. Beck ; T. Tana Herchold. aEnglebretson Austin :bHolt & Rinehart & winston,c1989. a1 aHRW reading program aReading